| 000 | 00637nam a2200193Ia 4500 | ||
|---|---|---|---|
| 008 | 130821s xx gs mul | ||
| 040 |
_aCo-BoUCM _bspa |
||
| 041 | 0 | 0 |
_aspa _aeng _apor _afre |
| 092 | _aCV 0179 | ||
| 092 | _aDVD 1159 | ||
| 110 | 2 | _aSeguro Social | |
| 245 | 1 | 0 |
_aProtección laboral, equipos profesionales _cvideograbación] _cSeguro Social |
| 260 |
_a[Lugar desconocido] _b[Editorial desconocida] _c[fecha desconocida] |
||
| 300 |
_a1 video casette vhs _e1 DVD |
||
| 650 | 0 | 4 |
_aAccidentes de trabajo _98309 |
| 650 | 0 | 4 |
_aMedicina laboral _919166 |
| 650 | 0 | 4 |
_aRiesgos industriales _923800 |
| 942 |
_cMULTIMEDIA _2LOCAL _a8 _e1 |
||
| 999 |
_c43744 _d43744 |
||